Êtes-vous rapide ? Les jours de la semaine en 15 secondes - Statistiques

Statistiques générales
  • Ce quiz a été pris 301 fois
  • Le résultat moyen est 6 sur 7
Statistiques - réponses
Jour Réponse % Correct
Lundi Lundi
100%
Mardi Mardi
96%
Jeudi Jeudi
91%
Mercredi Mercredi
90%
Vendredi Vendredi
87%
Samedi Samedi
83%
Dimanche Dimanche
76%
Aucun quiz correspondant
Distribution des résultats
% des personnes avec chaque résultat
Percentile par nombre de réponses
Votre historique - résultats
Vous n’avez pas pris ce quiz